000 01232nam a22002295i 4500
001 176655
003 ES-MaACL
005 20230906220144.0
008 110131s1968 sp af |||| | spa d
080 _a7.025.3/.4
245 0 0 _aAcción destructora de los murciélagos en las obras de arte
_b. Nuevas tablas de Morales y del maestro de Portillo . Tratamiento de materiales metálicos de Miraveche (Burgos). Tratamiento de pinturas murales.
260 _a[Madrid] :
_bDirección General de Bellas Artes,
_c[1968]
300 _a46, V, [13] p. de lám. :
_bil. ;
_c28 cm.
490 1 _aInformes y trabajos del Instituto de Conservación y Restauración de Obras de Arte, Arqueología y Etnología ;
_v7
500 _aTít. tomado de la cub.
650 0 4 _aObras de arte-
_xRestauración-
_zEspaña.
_9171254
710 1 _aEspaña.
_bDirección General de Bellas Artes.
_93704
710 2 _aInstituto Central de Restauración y Conservación de Obras y Objetos de Arte, Arqueología y Etnología (España)
_9163129
830 1 _aInformes y trabajos del Instituto de Conservación y Restauración de Obras de Arte, Arqueología y Etnología ;
_v7
_9190191
852 _aES-MaACL
_j2287-F-9
_xOlim P-1478
999 _c176655
_d176655